[Event "27th Summer Universiade in Kazan (Men)"]
[Site "Kazan"]
[Date "2013.07.14"]
[Round "8.18"]
[White "Abasov, Nijat"]
[Black "Meskovs, Nikita"]
[Result "1-0"]
[WhiteElo "2498"]
[BlackElo "2372"]
[PlyCount "67"]
[EventDate "2013.??.??"]

1. d4 Nf6 2. c4 c5 3. d5 b5 4. cxb5 a6 5. bxa6 g6 6. Nc3 Bxa6 7. g3 d6 8. Bg2
Bg7 9. Nf3 Nbd7 10. Rb1 O-O 11. O-O Nb6 12. b3 Bb7 13. Nh4 Ne8 14. Bb2 Nc7 15.
Qd2 Qd7 16. a4 Rfb8 17. Rfc1 Ba6 18. Na2 Bxb2 19. Rxb2 Bb7 20. e4 e6 21. a5 Nc8
22. b4 exd5 23. exd5 Ne7 24. Nc3 cxb4 25. Rxb4 f5 26. Na4 Qd8 27. Rb2 Bxd5 28.
Rxc7 Qxc7 29. Bxd5+ Nxd5 30. Qxd5+ Kg7 31. Rb6 Rxb6 32. Nxb6 Ra7 33. Qd4+ Kg8
34. Nc4 1-0

[Event "27th Summer Universiade in Kazan (Men)"]
[Site "Kazan"]
[Date "2013.07.14"]
[Round "8.19"]
[White "Petenyi, Tamas"]
[Black "Nguyen, Van Hai"]
[Result "1/2-1/2"]
[WhiteElo "2480"]
[BlackElo "2353"]
[PlyCount "46"]
[EventDate "2013.??.??"]

1. e4 e6 2. d4 d5 3. Nd2 Nf6 4. e5 Nfd7 5. Bd3 c5 6. c3 Nc6 7. Ne2 Qb6 8. Nf3
cxd4 9. cxd4 f6 10. exf6 Nxf6 11. O-O Bd6 12. b3 O-O 13. Bb2 Bd7 14. Ng3 Nb4
15. Bb1 Rac8 16. a3 Nc6 17. Ne5 Be8 18. Nxc6 Rxc6 19. Bd3 Bg6 20. Bxg6 hxg6 21.
Qd3 Bxg3 22. hxg3 Rfc8 23. Rac1 Kf7 1/2-1/2

[Event "27th Summer Universiade in Kazan (Men)"]
[Site "Kazan"]
[Date "2013.07.14"]
[Round "8.22"]
[White "Mazur, Stefan"]
[Black "Kalnins, Kristaps"]
[Result "1-0"]
[WhiteElo "2409"]
[BlackElo "2269"]
[PlyCount "55"]
[EventDate "2013.??.??"]

1. e4 e5 2. Nf3 d6 3. d4 Nd7 4. Bc4 c6 5. dxe5 dxe5 6. O-O Be7 7. Ng5 Bxg5 8.
Qh5 g6 9. Qxg5 Qxg5 10. Bxg5 Nc5 11. Nd2 Ne6 12. Be3 Nf6 13. f3 O-O 14. Rfd1
Kg7 15. a4 Ne8 16. Nb3 b6 17. a5 Rb8 18. axb6 axb6 19. Ra7 c5 20. Bf2 Rb7 21.
Rxb7 Bxb7 22. Bxe6 fxe6 23. Bg3 Kf6 24. Rd8 c4 25. Nd2 b5 26. Rd7 Bc6 27. Rxh7
Ng7 28. Nf1 1-0

[Event "27th Summer Universiade in Kazan (Men)"]
[Site "Kazan"]
[Date "2013.07.14"]
[Round "8.23"]
[White "Munkhgal, Gombosuren"]
[Black "Schaerer, Julian"]
[Result "1/2-1/2"]
[WhiteElo "2406"]
[BlackElo "2294"]
[PlyCount "53"]
[EventDate "2013.??.??"]

1. d4 d5 2. c4 c6 3. Nc3 Nf6 4. Nf3 dxc4 5. a4 Bf5 6. e3 e6 7. Bxc4 Bb4 8. O-O
O-O 9. Qe2 Nbd7 10. e4 Bg6 11. Bd3 Bh5 12. e5 Nd5 13. Nxd5 cxd5 14. Qe3 Be7 15.
Bd2 Nb8 16. a5 a6 17. Bc3 Nc6 18. Nd2 Bg6 19. f4 Qd7 20. Be2 Rac8 21. g4 f5 22.
exf6 Rxf6 23. Nf3 Be4 24. Ng5 Bg6 25. Nf3 Be4 26. Ng5 Bg6 27. Nf3 1/2-1/2

[Event "27th Summer Universiade in Kazan (Men)"]
[Site "Kazan"]
[Date "2013.07.14"]
[Round "8.24"]
[White "Lapcevic, Milos"]
[Black "Rajapakse, R M C M."]
[Result "0-1"]
[WhiteElo "2403"]
[BlackElo "2075"]
[PlyCount "108"]
[EventDate "2013.??.??"]

1. d4 Nf6 2. c4 g6 3. Nc3 Bg7 4. e4 d6 5. f3 Nbd7 6. Bg5 c5 7. d5 O-O 8. Qd2
Re8 9. Nh3 a6 10. Be2 Qa5 11. O-O Rb8 12. a4 Nb6 13. Nf2 Qb4 14. Qd3 Nfd7 15.
f4 Qxb2 16. e5 Qb4 17. a5 Qxc4 18. Qc2 Qd4 19. Rfd1 Qb4 20. Rdb1 Qd4 21. axb6
c4 22. Na4 h6 23. e6 hxg5 24. exd7 Bxd7 25. Rd1 Qxf4 26. Ra3 Rbc8 27. Rf3 Qe5
28. Nc3 g4 29. Rg3 f5 30. Rf1 Rf8 31. Ncd1 Qxd5 32. Re3 e6 33. h3 Bd4 34. Rg3
Be5 35. Ne3 Qc5 36. Ne4 Qd4 37. Rd1 Qxe4 38. Qxe4 fxe4 39. Rxg4 c3 40. Rxe4 Bb5
41. Bg4 Kf7 42. h4 Ke7 43. Nc2 Rc4 44. Bf3 Rxe4 45. Bxe4 Rf4 46. Bxb7 Ba4 47.
Rc1 Rxh4 48. Bxa6 Bxc2 49. b7 d5 50. Rxc2 Rb4 51. Kf2 Rb6 52. Bd3 g5 53. Re2
Kf6 54. Kf3 Rxb7 0-1

[Event "27th Summer Universiade 2013 Kazan,Russ"]
[Site "Kazan,Russia"]
[Date "2013.07.14"]
[Round "8.25"]
[White "Pham, Chuong"]
[Black "Galmandakh, Badrakh"]
[Result "1-0"]
[WhiteElo "2365"]
[BlackElo "2203"]
[PlyCount "93"]
[EventDate "2013.07.09"]

1. d4 d6 2. Nf3 Nf6 3. g3 c6 4. Bg2 Bf5 5. O-O h6 6. c4 Nbd7 7. Nc3 e5 8. d5
cxd5 9. Nxd5 Nxd5 10. Qxd5 Nc5 11. b3 Be6 12. Qd2 Be7 13. Bb2 O-O 14. Rfd1 b5
15. cxb5 Rb8 16. Ne1 Rxb5 17. Nc2 Rb8 18. Nb4 Bd7 19. Nd5 Bg5 20. e3 Bc6 21. h4
Bxd5 22. Qxd5 Be7 23. Rac1 Qa5 24. Ra1 Rfc8 25. Bf1 Qb4 26. Bc4 Ne6 27. a3 Qc5
28. Qf3 Qb6 29. Bc3 Bf6 30. Qd5 Rd8 31. Ba5 Qc5 32. Bxd8 Rxd8 33. b4 Qb6 34.
Rac1 Rd7 35. Qb5 Qd8 36. Bxe6 fxe6 37. Qa6 Kh7 38. Rc6 d5 39. Rxe6 d4 40. exd4
exd4 41. Qd3+ Kg8 42. Rde1 Kf7 43. h5 Re7 44. Qg6+ Kf8 45. Rxf6+ Kg8 46. Rxe7
Qxe7 47. Re6 1-0

[Event "27th Summer Universiade 2013 Kazan,Russ"]
[Site "Kazan,Russia"]
[Date "2013.07.14"]
[Round "8.26"]
[White "Mohamad, Ervan"]
[Black "Nestorovic, Nikola"]
[Result "0-1"]
[WhiteElo "2207"]
[BlackElo "2461"]
[PlyCount "114"]
[EventDate "2013.07.09"]

1. e4 e5 2. Nf3 Nc6 3. Bb5 a6 4. Ba4 Nge7 5. O-O g6 6. c3 Bg7 7. d4 exd4 8.
cxd4 b5 9. Bb3 O-O 10. Nc3 Na5 11. Bc2 d6 12. h3 c5 13. Re1 h6 14. Ne2 g5 15.
Ng3 g4 16. hxg4 Bxg4 17. dxc5 dxc5 18. Qxd8 Rfxd8 19. Nh2 Be6 20. e5 Nac6 21.
f4 Nd4 22. Be4 Bd5 23. Bb1 Nec6 24. Be3 Nb4 25. Bxd4 cxd4 26. a3 Nc6 27. Bd3
Na5 28. Ng4 Nc4 29. Re2 Ra7 30. Kf2 Rc7 31. Rh1 Ne3 32. Nxe3 dxe3+ 33. Kxe3 f6
34. exf6 Bxf6 35. Be4 Bc4 36. Rc2 Re7 37. Kf3 Bd3 38. Rd2 Rxe4 39. Nh5 Bxb2 40.
Rxb2 Ra4 41. Rb3 Bc4 42. Re3 Rd3 43. f5 Raxa3 44. Rxd3 Rxd3+ 45. Kf4 Kf7 46.
Ng3 b4 47. Rxh6 b3 48. Rh1 b2 49. Ne4 Ba2 50. Rh7+ Kf8 51. Rb7 b1=Q 52. Rxb1
Bxb1 53. Nc5 Rd5 54. Ne6+ Ke7 55. g4 a5 56. Nc7 Rd4+ 57. Kg5 a4 0-1

[Event "27th Summer Universiade 2013 Kazan,Russ"]
[Site "Kazan,Russia"]
[Date "2013.07.14"]
[Round "8.27"]
[White "Gundavaa, Bayarsaikhan"]
[Black "Wyss, Jonas"]
[Result "1-0"]
[WhiteElo "2516"]
[BlackElo "2270"]
[PlyCount "91"]
[EventDate "2013.07.09"]

1. e4 e6 2. d4 d5 3. e5 c5 4. c3 Nc6 5. Nf3 Bd7 6. Be2 Nge7 7. O-O Ng6 8. g3
Be7 9. h4 O-O 10. h5 Nh8 11. h6 g6 12. dxc5 Bxc5 13. c4 dxc4 14. Nbd2 Nd4 15.
Ne4 Nxf3+ 16. Bxf3 Be7 17. Qe2 g5 18. Rd1 Ng6 19. Nf6+ Bxf6 20. exf6 Qc7 21.
Bxg5 Bc6 22. Bxc6 Qxc6 23. Rd4 b5 24. Rad1 Rac8 25. Bf4 Rfe8 26. Rd6 Qc5 27.
Qe4 a5 28. Rd7 Qh5 29. R1d6 Nf8 30. Ra7 Rcd8 31. Kg2 Rxd6 32. Bxd6 Rd8 33. Qe5
Qxh6 34. Bxf8 Rxf8 35. Rxa5 Qc1 36. Rxb5 h6 37. Qd6 Ra8 38. Rb8+ Rxb8 39. Qxb8+
Kh7 40. Qf8 Kg6 41. Qg7+ Kf5 42. Qxf7 Qe1 43. Qh5+ Kxf6 44. Qxh6+ Ke7 45. Qh4+
Kf7 46. Qxc4 1-0

[Event "27th Summer Universiade 2013 Kazan,Russ"]
[Site "Kazan,Russia"]
[Date "2013.07.14"]
[Round "8.28"]
[White "Gaehler, Marco"]
[Black "Sarenac, Ivan"]
[Result "1-0"]
[WhiteElo "2317"]
[BlackElo "2410"]
[PlyCount "103"]
[EventDate "2013.07.09"]

1. g3 Nf6 2. Bg2 e5 3. e4 d5 4. exd5 Nxd5 5. Ne2 Nc6 6. O-O Bc5 7. c3 O-O 8. b4
Bb6 9. Na3 Bg4 10. Bb2 Nde7 11. d3 Qd7 12. Nc4 f6 13. a4 a5 14. b5 Nd8 15. Nxb6
cxb6 16. d4 Qc7 17. h3 Bh5 18. g4 Bf7 19. d5 Qd7 20. c4 h5 21. Ba3 Re8 22. Ng3
hxg4 23. Qxg4 Qxg4 24. hxg4 Ng6 25. Nf5 Nf4 26. Nd6 Rf8 27. Nf5 Re8 28. Be4 Bg6
29. Rfe1 Bxf5 30. gxf5 Nf7 31. d6 Red8 32. Rad1 Rd7 33. Bc6 bxc6 34. bxc6 Rda7
35. c5 bxc5 36. Bxc5 Ra6 37. c7 Rc6 38. Ba3 Rc8 39. Kf1 R8xc7 40. dxc7 Rxc7 41.
Rc1 Ra7 42. Rc8+ Kh7 43. Bc5 Ra6 44. Rb1 Nh6 45. Rb6 Rxb6 46. Bxb6 Nd3 47. Ra8
Nxf5 48. Rxa5 Nb2 49. Ra7 Nd6 50. a5 Nbc4 51. Bd8 Kg6 52. a6 1-0

[Event "27th Summer Universiade 2013 Kazan,Russ"]
[Site "Kazan,Russia"]
[Date "2013.07.14"]
[Round "8.29"]
[White "Nanjo, Ryosuke"]
[Black "Hesham, Abdelrahman"]
[Result "1-0"]
[WhiteElo "2299"]
[BlackElo "2375"]
[PlyCount "105"]
[EventDate "2013.07.09"]

1. e4 c5 2. Nf3 d6 3. d4 cxd4 4. Nxd4 Nf6 5. Nc3 a6 6. Be3 e5 7. Nb3 Be7 8. Be2
Be6 9. O-O Nbd7 10. f3 b5 11. Qd2 Nb6 12. Kh1 O-O 13. Bxb6 Qxb6 14. a4 b4 15.
Nd5 Nxd5 16. exd5 Bd7 17. Bd3 a5 18. f4 Bf6 19. f5 Rfe8 20. Be4 Rec8 21. Qe2
Rc7 22. Nd2 Qd4 23. b3 Bc8 24. Bd3 Bb7 25. Ne4 Qxd5 26. Rf3 Qd4 27. Rd1 d5 28.
Nxf6+ gxf6 29. Rh3 Rac8 30. Qh5 Kf8 31. Qxh7 e4 32. Be2 Qf2 33. Bh5 d4 34. Rg3
Bd5 35. Rg7 Qh4 36. Rg4 Qf2 37. Bxf7 Bxf7 38. Qg7+ Ke8 39. Rxe4+ Re7 40. Qh8+
Kd7 41. Rxe7+ Kxe7 42. Qxc8 Qe2 43. Qc5+ Ke8 44. Qxd4 Kf8 45. Qd3 Qf2 46. Qd6+
Kg7 47. Qg3+ Qxg3 48. hxg3 Kh6 49. Rd4 Kg5 50. g4 Kh4 51. Kh2 Be8 52. Rd8 Bc6
53. Rg8 1-0

[Event "27th Summer Universiade 2013 Kazan,Russ"]
[Site "Kazan,Russia"]
[Date "2013.07.14"]
[Round "8.30"]
[White "Tologontegin, Semetey"]
[Black "Esenov, Annaberdi"]
[Result "0-1"]
[WhiteElo "2370"]
[BlackElo "2255"]
[PlyCount "68"]
[EventDate "2013.07.09"]

1. e4 c5 2. Na3 d6 3. c3 Nf6 4. g3 Bd7 5. Bg2 Bc6 6. d3 Nbd7 7. Nf3 e6 8. O-O
Be7 9. Re1 O-O 10. h3 b5 11. g4 h6 12. Nc2 a5 13. Nh2 d5 14. e5 Nh7 15. f4 Bh4
16. Re2 f5 17. exf6 Qxf6 18. Ne3 Rac8 19. Nf3 Bg3 20. Nf1 Bxf4 21. Bxf4 Qxf4
22. Rxe6 d4 23. Rxc6 Rxc6 24. Qb3+ Kh8 25. Qxb5 Rd6 26. cxd4 Ng5 27. Nxg5 Qxd4+
28. Kh1 hxg5 29. Qxa5 Ne5 30. Ng3 Nxg4 31. Qc3 Nf2+ 32. Kh2 Qf4 33. Bf1 Ng4+
34. hxg4 Rh6+ 0-1

[Event "27th Summer Universiade 2013 Kazan,Russ"]
[Site "Kazan,Russia"]
[Date "2013.07.14"]
[Round "8.31"]
[White "Zulkifli, Muhd Syazwan"]
[Black "Jurcik, Marian"]
[Result "0-1"]
[WhiteElo "2063"]
[BlackElo "2512"]
[PlyCount "70"]
[EventDate "2013.07.09"]

1. d4 Nf6 2. Nf3 d5 3. c4 dxc4 4. Qa4+ Nbd7 5. Qxc4 e6 6. Nc3 a6 7. Bf4 c5 8.
dxc5 Bxc5 9. e3 b5 10. Qb3 Bb7 11. Be2 O-O 12. O-O Qe7 13. Bg5 Bd6 14. Rfd1 Nc5
15. Qc2 Rac8 16. Qd2 Rfd8 17. Qe1 b4 18. Nb1 Bxf3 19. gxf3 Be5 20. Rxd8+ Rxd8
21. Qc1 Na4 22. Qc2 Bxb2 23. Qxa4 Bxa1 24. e4 Qc5 25. Be3 Bd4 26. Qb3 a5 27.
Qd3 Rd7 28. Qa6 Bxe3 29. Qa8+ Qf8 30. Qxf8+ Kxf8 31. fxe3 Rc7 32. Bd3 Nd7 33.
Kf2 Ne5 34. Ke2 Rc1 35. Nd2 Rh1 0-1

[Event "27th Summer Universiade 2013 Kazan,Russ"]
[Site "Kazan,Russia"]
[Date "2013.07.14"]
[Round "8.32"]
[White "Olebile, Thato"]
[Black "Martins, Vinicius Tine"]
[Result "1-0"]
[WhiteElo "2108"]
[BlackElo "2391"]
[PlyCount "58"]
[EventDate "2013.07.09"]

1. d4 Nf6 2. c4 e6 3. Nf3 d5 4. Nc3 Bb4 5. Bg5 h6 6. Bh4 Nbd7 7. Rc1 c5 8. e3
Qa5 9. Qb3 cxd4 10. exd4 dxc4 11. Bxc4 O-O 12. O-O a6 13. a3 Be7 14. Rfe1 Nb6
15. Re5 Nxc4 16. Rxa5 Nxa5 17. Qa4 Nc6 18. Ne5 Na7 19. Ne4 Nd5 20. Bxe7 Nxe7
21. Nd6 Nac6 22. Rc3 f6 23. Nxc6 Nxc6 24. Qc4 Rd8 25. Nxc8 Raxc8 26. Qxe6+ Kh8
27. h3 Re8 28. Qd7 Rcd8 29. Qxb7 Nxd4 1-0

[Event "27th Summer Universiade 2013 Kazan,Russ"]
[Site "Kazan,Russia"]
[Date "2013.07.14"]
[Round "8.33"]
[White "Haitbayev, Hayrulla"]
[Black "Markov, Mikhail"]
[Result "0-1"]
[WhiteElo "2088"]
[BlackElo "2305"]
[PlyCount "47"]
[EventDate "2013.07.09"]

1. e4 c5 2. c3 Nf6 3. e5 Nd5 4. d4 cxd4 5. cxd4 e6 6. Nc3 Nxc3 7. bxc3 Qc7 8.
Bd2 d6 9. f4 g5 10. Nf3 gxf4 11. Bd3 Nc6 12. O-O dxe5 13. Nxe5 Nxe5 14. Bxf4
Bd6 15. dxe5 Bc5+ 16. Kh1 Bd7 17. Bg5 Bc6 18. Qh5 Rg8 19. Rae1 h6 20. Qxh6 Qd8
21. Bg6 Rxg6 22. Qh8+ Bf8 23. Bxd8 Rxg2 24. Qf6 0-1

[Event "27th Summer Universiade 2013 Kazan,Russ"]
[Site "Kazan,Russia"]
[Date "2013.07.14"]
[Round "8.34"]
[White "Sato, Kaname"]
[Black "Soares, Erikson Roberto Mau"]
[Result "1/2-1/2"]
[WhiteElo "2038"]
[BlackElo "2193"]
[PlyCount "68"]
[EventDate "2013.07.09"]

1. e4 e6 2. d4 d5 3. Nd2 Nf6 4. e5 Nfd7 5. Bd3 c5 6. c3 Nc6 7. Ne2 cxd4 8. cxd4
f6 9. exf6 Nxf6 10. O-O Bd6 11. Nf3 O-O 12. Bg5 e5 13. dxe5 Nxe5 14. Nxe5 Bxe5
15. Ng3 Bxb2 16. Bxh7+ Kxh7 17. Qc2+ Kg8 18. Qxb2 Qd6 19. Rad1 Bg4 20. Bxf6
Qxf6 21. Qxf6 gxf6 22. Rxd5 Rfd8 23. Ne4 Kg7 24. Rb5 b6 25. f3 Be6 26. Rb2 Rac8
27. g4 Rc4 28. Kf2 Rd3 29. Re1 Bd5 30. Re3 Bxe4 31. fxe4 Rxe3 32. Kxe3 Rc3+ 33.
Kf4 Rh3 34. Rc2 Kg6 1/2-1/2

[Event "27th Summer Universiade 2013 Kazan,Russ"]
[Site "Kazan,Russia"]
[Date "2013.07.14"]
[Round "8.35"]
[White "Garcia Fuentes, Sergio Mig"]
[Black "Mooketsi, David"]
[Result "1-0"]
[WhiteElo "2181"]
[BlackElo "1847"]
[PlyCount "46"]
[EventDate "2013.07.09"]

1. e4 c5 2. Nf3 d6 3. d4 cxd4 4. Nxd4 Nf6 5. Nc3 a6 6. Bc4 e6 7. Bb3 b5 8. Bg5
Be7 9. Qf3 Qc7 10. e5 Bb7 11. exd6 Bxd6 12. Qe3 h6 13. Bxf6 gxf6 14. Nd5 Qa5+
15. c3 Be5 16. Nxf6+ Bxf6 17. Nxe6 Be7 18. O-O-O Nc6 19. Rhe1 b4 20. Rd5 fxe6
21. Rxa5 Nxa5 22. Qxe6 Nxb3+ 23. axb3 Rh7 1-0

[Event "27th Summer Universiade 2013 Kazan,Russ"]
[Site "Kazan,Russia"]
[Date "2013.07.14"]
[Round "8.36"]
[White "Hwang, Sungjae"]
[Black "Fernandes, Carlos A"]
[Result "1/2-1/2"]
[WhiteElo "1830"]
[BlackElo "2122"]
[PlyCount "32"]
[EventDate "2013.07.09"]

1. d4 Nf6 2. Nf3 g6 3. g3 Bg7 4. Bg2 O-O 5. O-O d6 6. b3 c6 7. c4 Bf5 8. Bb2
Qc8 9. Nbd2 Bh3 10. e4 Bxg2 11. Kxg2 Nfd7 12. Qc2 e5 13. dxe5 dxe5 14. b4 a5
15. a3 b5 16. c5 a4 1/2-1/2

[Event "27th Summer Universiade 2013 Kazan,Russ"]
[Site "Kazan,Russia"]
[Date "2013.07.14"]
[Round "8.37"]
[White "Caetano, Hugo Zanotti Mendon"]
[Black "Gantner, Matthias"]
[Result "1/2-1/2"]
[WhiteElo "2152"]
[BlackElo "2270"]
[PlyCount "71"]
[EventDate "2013.07.09"]

1. d4 d5 2. c4 c6 3. cxd5 cxd5 4. Nc3 Nf6 5. Nf3 Nc6 6. Bf4 a6 7. e3 Bg4 8. Be2
e6 9. O-O Bd6 10. Bxd6 Qxd6 11. Rc1 O-O 12. h3 Bxf3 13. Bxf3 b5 14. e4 dxe4 15.
Nxe4 Nxe4 16. Bxe4 Rac8 17. d5 Ne5 18. dxe6 Qxe6 19. Rxc8 Rxc8 20. Bd5 Qf6 21.
Qb3 Ng6 22. a4 bxa4 23. Qxa4 h6 24. Re1 Rc7 25. Be4 Qe6 26. Qa5 Re7 27. Re3 Qd6
28. Bxg6 Rxe3 29. Bxf7+ Kxf7 30. fxe3 Qd1+ 31. Kh2 Qd6+ 32. g3 Qd3 33. Qc3 Qe2+
34. Kh1 g5 35. b3 Ke6 36. b4 1/2-1/2

[Event "27th Summer Universiade 2013 Kazan,Russ"]
[Site "Kazan,Russia"]
[Date "2013.07.14"]
[Round "8.38"]
[White "De Mey, Juan Pablo"]
[Black "Nayan, Ahmad Fadzil"]
[Result "0-1"]
[WhiteElo "1951"]
[BlackElo "2102"]
[PlyCount "90"]
[EventDate "2013.07.09"]

1. e4 d6 2. d4 Nf6 3. Nc3 c6 4. Be2 Nbd7 5. a4 e5 6. Nf3 Be7 7. h3 O-O 8. Be3
Qc7 9. O-O Re8 10. Re1 a5 11. Bf1 Bf8 12. dxe5 dxe5 13. Nh4 Nc5 14. Qf3 Be6 15.
Bg5 Ncd7 16. Red1 Qb6 17. g4 Bc5 18. Be3 Bxe3 19. fxe3 Qxb2 20. Ne2 Nf8 21. g5
N6d7 22. Rdb1 Qxc2 23. Ng3 Ng6 24. Nhf5 Qc5 25. Rc1 Qf8 26. Nh5 Bxf5 27. exf5
e4 28. Qg2 Nh4 29. Qf2 Nf3+ 30. Kh1 Nxg5 31. Be2 Nf3 32. Bxf3 exf3 33. Rg1 g6
34. Rad1 Ne5 35. Nf6+ Kg7 36. Nxe8+ Rxe8 37. Rd4 Qe7 38. Qg3 f6 39. Re4 g5 40.
Qh2 Qd7 41. Rxe5 Rxe5 42. Rxg5+ fxg5 43. Qxe5+ Kf7 44. Qa1 Qd2 45. Qf1 Qe2 0-1

[Event "27th Summer Universiade 2013 Kazan,Russ"]
[Site "Kazan,Russia"]
[Date "2013.07.14"]
[Round "8.39"]
[White "Giron, David"]
[Black "Chaulagain, Purushottam"]
[Result "1/2-1/2"]
[WhiteElo "2062"]
[BlackElo "1923"]
[PlyCount "38"]
[EventDate "2013.07.09"]

1. e4 c5 2. Nf3 Nc6 3. d4 cxd4 4. Nxd4 Nf6 5. Nc3 e5 6. Ndb5 Bb4 7. a3 Bxc3+ 8.
Nxc3 O-O 9. Bg5 h6 10. Bh4 d6 11. Qd2 Nxe4 12. Bxd8 Nxd2 13. Bc7 Nxf1 14. Rxf1
Bf5 15. O-O-O Rac8 16. Bxd6 Rfe8 17. Rfe1 f6 18. f4 Bg4 19. Rd3 exf4 1/2-1/2

[Event "27th Summer Universiade 2013 Kazan,Russ"]
[Site "Kazan,Russia"]
[Date "2013.07.14"]
[Round "8.40"]
[White "Malgie, Avikaar"]
[Black "Gumpo, Thabo"]
[Result "0-1"]
[WhiteElo "1773"]
[BlackElo "2015"]
[PlyCount "108"]
[EventDate "2013.07.09"]

1. d4 Nf6 2. c4 e6 3. g3 Bb4+ 4. Bd2 Qe7 5. Bg2 d5 6. a3 Bxd2+ 7. Nxd2 O-O 8.
Ngf3 c5 9. cxd5 exd5 10. dxc5 Qxc5 11. Rc1 Qb6 12. Qb3 Qa6 13. O-O Qxe2 14.
Rfe1 Qa6 15. Nd4 Nc6 16. N2f3 Bg4 17. Nxc6 bxc6 18. Ne5 Rac8 19. Qb4 Bd7 20.
Bf1 Qb6 21. Qxb6 axb6 22. Nxd7 Nxd7 23. Bh3 f5 24. Re7 Nc5 25. b4 Ne4 26. Rb7
b5 27. Rb6 d4 28. Rd1 Nc3 29. Rd3 Rf6 30. Kf1 Rd8 31. Bg2 Rdd6 32. Rb8+ Kf7 33.
Rb7+ Kg6 34. Re7 Rf7 35. Re5 Kf6 36. Rc5 Ne4 37. Rc2 Rfd7 38. g4 g6 39. h3 Nc3
40. Bf3 f4 41. Kg2 h6 42. Rc1 g5 43. Rc2 Ke6 44. Rc1 Ke7 45. Kf1 Ra7 46. Ra1
Kd7 47. Kg2 Kc7 48. Bd1 Kb6 49. Bb3 c5 50. bxc5+ Kxc5 51. Kf3 Rda6 52. Bg8 Rxa3
53. Re1 Nd5 54. Rc1+ Kd6 0-1

[Event "27th Summer Universiade 2013 Kazan,Russ"]
[Site "Kazan,Russia"]
[Date "2013.07.14"]
[Round "8.41"]
[White "Abrantes, Persson"]
[Black "Kokome, Oaitse"]
[Result "0-1"]
[WhiteElo "2017"]
[BlackElo "1931"]
[PlyCount "121"]
[EventDate "2013.07.09"]

1. Nf3 d6 2. g3 Nf6 3. Bg2 e5 4. b3 g6 5. Bb2 Bg7 6. d3 Nc6 7. O-O Qe7 8. Nbd2
d5 9. a4 h6 10. Ne1 Be6 11. a5 a6 12. Ra4 Nd7 13. f4 Nc5 14. Ra1 O-O 15. fxe5
Nxe5 16. Kh1 Ng4 17. Qc1 Ne3 18. Bxg7 Kxg7 19. Qb2+ Kg8 20. Rf2 Nxg2 21. Nxg2
c6 22. Raf1 Bh3 23. Qa3 Rae8 24. Qb4 Nxd3 25. Qd4 Nxf2+ 26. Rxf2 Bxg2+ 27. Kxg2
c5 28. Qg4 Qg5 29. Qxg5 hxg5 30. Nf3 g4 31. Ne1 f5 32. Nd3 c4 33. Nf4 cxb3 34.
cxb3 Kf7 35. Nxd5 Re5 36. Nf4 Rfe8 37. Kf1 Rxa5 38. Nd3 Ra1+ 39. Kg2 b6 40. h3
gxh3+ 41. Kxh3 Rg1 42. Kh2 Rb1 43. b4 Kf6 44. g4 Rh8+ 45. Kg2 Rhh1 46. gxf5
gxf5 47. Nf4 Rbg1+ 48. Kf3 Rf1 49. Nd5+ Ke5 50. Nxb6 Rxf2+ 51. Kxf2 Rb1 52.
Nd7+ Kd6 53. Nc5 Rxb4 54. Nd3 Rd4 55. Nc1 Rf4+ 56. Ke3 Rc4 57. Na2 Ra4 58. Nc1
Ra1 59. Nd3 Ra3 60. Kf4 Rxd3 61. exd3 0-1

[Event "27th Summer Universiade in Kazan (Men)"]
[Site "Kazan"]
[Date "2013.07.15"]
[Round "9.1"]
[White "Alekseev, Evgeny"]
[Black "Ma, Qun"]
[Result "1/2-1/2"]
[WhiteElo "2714"]
[BlackElo "2584"]
[PlyCount "104"]
[EventDate "2013.??.??"]

1. e4 e5 2. Nf3 Nc6 3. Bb5 Nf6 4. d3 Bc5 5. c3 O-O 6. O-O d6 7. h3 Ne7 8. Re1
Ng6 9. d4 Bb6 10. Nbd2 c6 11. Ba4 Re8 12. Bc2 h6 13. a4 a5 14. b3 Bc7 15. Ba3
Nh7 16. dxe5 dxe5 17. Nf1 Qf6 18. N3h2 Nf4 19. Qf3 Bb6 20. Ne3 Ng5 21. Qg3 Qg6
22. Kh1 Nh5 23. Qh4 Nxh3 24. Rad1 Qg5 25. Qxg5 Nxg5 26. Nhg4 Nf4 27. Nf5 Bxf5
28. exf5 h5 29. Ne3 h4 30. Bc1 Bxe3 31. Bxe3 h3 32. gxh3 Nf3 33. Rf1 Nd5 34. c4
Nf6 35. Rd6 e4 36. Bd1 Rad8 37. c5 Nd5 38. Bxf3 exf3 39. Kh2 Rb8 40. Kg3 Re4
41. Kxf3 Rb4 42. Rb1 Re8 43. Bd2 Rd4 44. Re1 Rd3+ 45. Kg2 Ra8 46. Bg5 f6 47.
Bc1 Rxb3 48. Rd7 Rb4 49. Kh2 Rf8 50. Bh6 gxh6 51. Rg1+ Kh8 52. Rgg7 Re8 1/2-1/2

[Event "27th Summer Universiade in Kazan (Men)"]
[Site "Kazan"]
[Date "2013.07.15"]
[Round "9.2"]
[White "Andriasian, Zaven"]
[Black "So, Wesley"]
[Result "1/2-1/2"]
[WhiteElo "2620"]
[BlackElo "2708"]
[PlyCount "56"]
[EventDate "2013.??.??"]

1. e4 c5 2. Nc3 Nc6 3. Nf3 e6 4. Qe2 d6 5. g3 g6 6. h4 Bg7 7. d3 h6 8. Bg2 Nge7
9. Be3 e5 10. Qd2 Be6 11. O-O b6 12. a3 a5 13. Nh2 Qd7 14. Rae1 h5 15. f4 O-O
16. Qd1 exf4 17. gxf4 f5 18. Nd5 Rab8 19. c3 b5 20. Nxe7+ Nxe7 21. Nf3 b4 22.
axb4 axb4 23. e5 bxc3 24. bxc3 Bd5 25. c4 Ba8 26. d4 cxd4 27. Qxd4 d5 28. Qd2
Rfc8 1/2-1/2

[Event "27th Summer Universiade in Kazan (Men)"]
[Site "Kazan"]
[Date "2013.07.15"]
[Round "9.3"]
[White "Matlakov, Maxim"]
[Black "Li, Chao B"]
[Result "1/2-1/2"]
[WhiteElo "2665"]
[BlackElo "2686"]
[PlyCount "76"]
[EventDate "2013.??.??"]

1. d4 Nf6 2. c4 g6 3. f3 c5 4. d5 d6 5. e4 Bg7 6. Ne2 O-O 7. Nec3 e6 8. Be3
exd5 9. cxd5 Nbd7 10. Be2 h5 11. O-O h4 12. Nd2 Qe7 13. Nc4 Ne5 14. Nxe5 Qxe5
15. Qd2 Bd7 16. h3 Rfe8 17. Rae1 a6 18. f4 Qe7 19. Bf3 b5 20. e5 b4 21. Nd1
dxe5 22. d6 Qd8 23. fxe5 Rxe5 24. Bg5 Rxe1 25. Rxe1 Rb8 26. Qf4 Be6 27. Ne3 c4
28. Bg4 Bxg4 29. hxg4 c3 30. bxc3 bxc3 31. Kh1 Rb6 32. Rd1 h3 33. d7 hxg2+ 34.
Kxg2 Rb2+ 35. Kh3 c2 36. Nxc2 Rxc2 37. Rd6 Kh7 38. Qf3 Rc7 1/2-1/2

[Event "27th Summer Universiade in Kazan (Men)"]
[Site "Kazan"]
[Date "2013.07.15"]
[Round "9.4"]
[White "Durarbayli, Vasif"]
[Black "Amin, Bassem"]
[Result "1/2-1/2"]
[WhiteElo "2549"]
[BlackElo "2650"]
[PlyCount "39"]
[EventDate "2013.??.??"]

1. e4 e5 2. Nf3 Nc6 3. Bb5 a6 4. Ba4 Nf6 5. O-O Be7 6. d3 d6 7. c3 O-O 8. Re1
Re8 9. Nbd2 Bf8 10. Nf1 b5 11. Bc2 d5 12. exd5 Nxd5 13. d4 exd4 14. Bxh7+ Kxh7
15. Ng5+ Kg8 16. Qh5 Nf6 17. Qxf7+ Kh8 18. Qg6 Rxe1 19. Nf7+ Kg8 20. Nh6+
1/2-1/2

[Event "27th Summer Universiade in Kazan (Men)"]
[Site "Kazan"]
[Date "2013.07.15"]
[Round "9.6"]
[White "Tomczak, Jacek"]
[Black "Onischuk, Vladimir"]
[Result "1-0"]
[WhiteElo "2564"]
[BlackElo "2576"]
[PlyCount "65"]
[EventDate "2013.??.??"]

1. e4 d6 2. d4 Nf6 3. Nc3 g6 4. f4 Bg7 5. Nf3 O-O 6. Bd3 Na6 7. O-O c5 8. d5
Bg4 9. a3 Nc7 10. h3 Bxf3 11. Qxf3 a6 12. Ne2 b5 13. c3 e6 14. dxe6 fxe6 15.
Be3 Qe7 16. g4 e5 17. g5 Nd7 18. f5 gxf5 19. exf5 e4 20. Bxe4 d5 21. Bxd5+ Nxd5
22. Qxd5+ Kh8 23. Qe6 Rae8 24. Rad1 Rf7 25. Qxe7 Rexe7 26. Rf3 Ne5 27. Rf2 Rd7
28. Rxd7 Rxd7 29. Nf4 Bf8 30. Ne6 Rd3 31. Bf4 Bd6 32. Bxe5+ Bxe5 33. f6 1-0